| 000 | 00775nam a2200241Ia 4500 | ||
|---|---|---|---|
| 003 | OSt | ||
| 005 | 20250110115256.0 | ||
| 008 | 210716s2010 xx 000 0 und d | ||
| 020 | _a9788173716102 | ||
| 040 | _cAIMIT LIBRARY | ||
| 041 | _aeng | ||
| 082 |
_a001.0721749 _21 _bGUPP |
||
| 245 |
_aCompendium of e governance : _binitiatives in india / _cEdited by Piyush Gupta and R K Bagga. |
||
| 250 | _a1st ed. | ||
| 260 |
_aNew Delhi : _bUniversities Press , _c2010. |
||
| 300 |
_axvi,421p. ; _bPB _c25 cm |
||
| 650 |
_aGovernment to business _9192993 |
||
| 650 |
_aGovernment to business _9192993 |
||
| 650 |
_aGovernment to citizen _9192994 |
||
| 700 |
_aGupta, Piyush., ed. _9192995 |
||
| 700 |
_aBagga, R K., ed. _9192996 |
||
| 942 |
_2ddc _cBK _e1st _k001.0721749 GUPP |
||
| 999 |
_c193370 _d193370 |
||